Responses for Show #1574 - Thursday, June 6, 1991

Game entered from audiorecording. Missing prizes.

Contestants

[<< previous game]

Max Schneider, a salesman from New Smithville, Pennsylvania

Mark Schleben, an attorney from Clearwater, Florida

Tobe Benz, a business executive from Germantown, Maryland (whose 1-day cash winnings total $18,201)

[next game >>]

Jeopardy! Round responses

1978
WORDS
"C" IN CHEMISTRY
OKLAHOMANS
PLAYS
GIMME 5
    $100 6
(Tobe: Who was Omar Bradley?)

George Washington

Tobe
Triple Stumper
    $100 10
Hindu

Tobe
    $100 15
charcoal

Mark
    $100 24
Will Rogers

Max
    $100 1
Death of a Salesman

Tobe
    $100 8
the pentathlon

Mark
    $200 7
(Mark: What is the KGB?)
(Tobe: What is the Politburo?)
(Max: What is the Soviet Embassy in Washington?)
(Alex: Each of you managed to misunderstand the clue. The highest-ranking Soviet working here, the reference was to [*]. He was working at [*] and then defected to the United States.)

the United Nations

TobeMarkMax
Triple Stumper
    $200 11
a lute

Triple Stumper
    $200 16
chlorine

Tobe
    $200 27
James Garner

Tobe
    $200 2
Grease

Max
    $200 9
the Pentagon

Max
    $300 21
the Volkswagen Beetle

Max
    $300 12
(Max: What is to [**]? [Originally ruled incorrect, overturned at first commercial break])

daub (dab accepted)

Max
    $300 20
combustion

Mark
    $300 28
(Tobe: Who is Roger Maris?)
[The end-of-round signal sounds.]

Mickey Mantle

TobeMark
    $300 3
Tennessee Williams

Mark
    $300 17
(Max: What is a [**]? [Originally ruled incorrect, overturned at second commercial break])

pentagram (pentangle)

TobeMax
    $400 25
(Alex: And we have less than a minute to go.)

George Carlin

Mark
    $400 13
phosphorus

Max
    $400 22
cobalt

Mark
    $400 4
The Barretts Of Wimpole Street

Tobe
    $400 18
the Pentateuch

Max
    $500 26
a camera

Tobe
    $500 14
a lycanthrope

Max
    $500 23
cadmium

Tobe
    $500 5
Arsenic And Old Lace

Mark
    $500 19
(iambic) pentameter

Max

Scores at the first commercial break (after clue 12):

Tobe Mark Max
$300 $700 $500

Scores at the end of the Jeopardy! Round:

Tobe Mark Max
$1,700 $2,200 $3,000

Double Jeopardy! Round responses

ANCIENT EGYPT
GOVERNMENT & POLITICS
EUROPEAN CITIES
FASHION
BESTSELLERS
BIRTHPLACES
    $200 19
the Sphinx

Mark
    $200 20
J. Edgar Hoover

Mark
    $200 2
Copenhagen

Max
    $200 11
Guess

Mark
    $200 1
Carrie Fisher

Max
    $200 12
(Max: What is Belgium?)

Germany

MarkMax
    $400 25
(Max: What is...)

embalming

TobeMax
    $400 21
(Mark: Who is the IRS?)
...
(Alex: One minute to go.)

the Tennessee Valley Authority (TVA)

Mark
Triple Stumper
    $400 3
Madrid & Barcelona

Max
    $400 17
babies (children)

Tobe
    $400 7
Goodfellas

Tobe
    $400 13
Basil Rathbone

Tobe
    $600 22
(Mark: What's the Fair Trade Commission?)

Federal Trade Commission

MarkMax
    $600 4
(Max: What is Warsaw?)
(Mark: What is Moscow?)
...
(Alex: Jean Sibelius was the great Finnish composer. You would find the Sibelius Monument in [*].)

Helsinki

MarkMax
Triple Stumper
    $600 18
poodle skirts

Mark
    $600 8
Dick Francis

Tobe
    $600 14
Johnny Appleseed

Tobe
    $800 23
(Tobe: What is Chief Accountant?)

Comptroller General of the United States

Tobe
Triple Stumper
    $800 5
Warsaw

Max
    $800 26
[The end-of-round signal sounds.]

The Gap

Mark
    $2,000 9
(Alex: Four Past [*] and Memories of [*].)

Midnight

Tobe
    $800 15
Prince Edward Island

Tobe
    $1000 24
(Tobe: Who is Cavallos?)
(Max: Who is Terrell Bell?)

Lauro Cavazos

TobeMax
Triple Stumper
    $1000 6
(Tobe: What is Portugal? Uh, what is [*]?)

Lisbon

Tobe
    $1000 10
(Max: Who is Richard Nixon?)
(Tobe: Who is John F. Kennedy?)

Lyndon Baines Johnson

TobeMax
Triple Stumper
    $2,000 16
Blenheim Palace

Tobe

Scores at the end of the Double Jeopardy! Round:

Tobe Mark Max
$7,500 $2,800 $2,000
(lock game)

[wagering suggestions for these scores]

Final Jeopardy! Round responses

AMERICAN BUSINESS
MaxWhat is R.J. Reynolds?
$2,000
MarkWhat is Philip Morris?
$1,300
TobeWhat is Philip Morris?
$1,500
Philip Morris

Final scores:

Tobe Mark Max
$9,000 $4,100 $0
2-day champion: $27,201 2nd place 3rd place

Game dynamics:

Coryat scores:

Tobe Mark Max
$5,300 $2,800 $2,000
18 R
(including 2 DDs),
6 W
14 R,
4 W
15 R,
6 W

Combined Coryat: $10,100

[game clues] [game scores] [suggest correction]

Game tape date: 1991-03-11
The J! Archive is created by fans, for fans. Scraping, republication, monetization, and malicious use prohibited; this site may use cookies and collect identifying information. See terms. The Jeopardy! game show and all elements thereof, including but not limited to copyright and trademark thereto, are the property of Jeopardy Productions, Inc. and are protected under law. This website is not affiliated with, sponsored by, or operated by Jeopardy Productions, Inc. Join the discussion at JBoard.tv.